La iglesia y el problema del campesinado chileno

Enregistré dans:
Détails bibliographiques
Collectivité auteur: Pastoral Colectiva del Episcopado de Chile (Auteur)
Format: Livre
Langue:espagnol
Publié: Santiago Secretariado General del Episcopado de Chile 1962
Sujets:
Tags: Ajouter un tag
Pas de tags, Soyez le premier à ajouter un tag!

MARC

LEADER 00000nam a2200000 a 4500
001 UCL5163
003 CL-VaPUC
008 040305e19620000CL |||||||||||||||||spa|d
082 0 4 |a 261.834563  |b PAS  |2 21 
110 2 |a Pastoral Colectiva del Episcopado de Chile  |e author  |9 482864 
245 1 3 |a La iglesia y el problema del campesinado chileno 
300 |a 36 p 
942 |c BK 
945 |d 20040305 00:00:00  |a vberengu 
260 |a Santiago  |b Secretariado General del Episcopado de Chile  |c 1962 
650 7 |a IGLESIA Y PROBLEMAS SOCIALES  |2 CL-VaPUC  |9 256615 
650 7 |a CAMPESINOS  |2 CL-VaPUC  |9 315355 
651 7 |a CHILE  |2 CL-VaPUC  |9 482865 
583 |a last modification  |c 20040305 00:00:00  |k Rodrigo Vera 
999 |c 307831  |d 307829 
952 |0 0  |1 0  |4 0  |6 261_834563000000000_PAS_1962  |7 0  |8 A  |9 373962  |a BIBTEO  |b BIBTEO  |d 2019-11-21  |i 2104733  |o 261.834563 PAS 1962  |p 2104733  |r 2025-01-17  |w 2019-11-21  |y BK  |k ICR 
952 |0 0  |1 0  |4 0  |6 261_834563000000000_PAS_1962  |7 0  |8 A  |9 373963  |a BIBTEO  |b BIBTEO  |d 2019-11-21  |i 2104784  |o 261.834563 PAS 1962  |p 2104784  |r 2025-01-17  |w 2019-11-21  |y BK  |k ICR